000 00772nam a22002537a 4500
001 BR9101706
003 BR-BrBNA
005 20230928093550.0
007 ta
008 230509b bl.||||| |||| 00| 0 por d
040 _aBR-BrBNA
_bpor
_cBiblioteca Nacional de Agricultura
041 _a(Por)
072 _aE11
090 _ E11 BR9101706
110 1 _aSecretaria de Estado da Agricultura, Pecuaria e Abastecimento, Belo Horizonte, MG (Brasil)
_98844
245 1 _aBolsa de arrendamento de terras; alternativa para aumento da producao agricola
260 3 _aBelo Horizonte, MG (Brasil):
_c1989.
300 _a16 p.
650 _aARRENDAMENTO
650 _aPRODUCAO
650 _aDESENVOLVIMENTO AGRICOLA
909 _a202309
_bLucia
_c55
_dLucia Elande
942 _cBK
999 _c45726
_d45726